[Event "UNAM w Prelim A"]
[Site "Mexico City MEX"]
[Date "2012.11.19"]
[Round "4.3"]
[White "Alexandrova, Olga"]
[Black "Rizzo, Marina"]
[Result "1-0"]
[WhiteTitle "IM"]
[BlackTitle "WFM"]
[WhiteElo "2409"]
[BlackElo "2054"]
[WhiteFideId "14102463"]
[BlackFideId "102687"]
[EventDate "2012.11.16"]

1. d4 d5 2. c4 e6 3. Nc3 Nf6 4. Nf3 b6 5. Bg5 Be7 6. e3 Bb7 7. cxd5 Nxd5 8. Bxe7
Qxe7 9. Bd3 O-O 10. O-O Nf6 11. e4 Nbd7 12. e5 Nd5 13. Nxd5 Bxd5 14. Qe2 Rfd8
15. Be4 Nf8 16. Rac1 Rac8 17. Bxd5 Rxd5 18. Rc6 a5 19. Rfc1 Qd8 20. Qc2 Rd7 21.
Rxb6 c5 22. Rb5 c4 23. Qc3 Ra7 24. a4 Ng6 25. g3 Ne7 26. Nd2 Nd5 27. Qf3 Qg5 28.
Qd1 Rac7 29. Ne4 Qd8 30. Nd6 Rb8 31. Rxc4 Rxc4 32. Nxc4 h6 33. Qd2 Nb4 34. Rxb8
Qxb8 35. Ne3 Qb7 36. Nc4 Qd5 37. Qc3 g6 38. Nd2 Kg7 39. b3 Nc6 40. Nf3 Nb4 41.
h4 Nc6 42. Qe3 Nb4 43. Kg2 Nc6 44. Qc3 Nb4 45. g4 Nc6 46. g5 h5 47. Qe3 Nb4 48.
Kg3 Nc6 49. Kf4 Nb4 50. Qc3 Qd7 51. Qc4 Nd5+ 52. Kg3 Nb4 53. Nd2 Nc6 54. Nf3 Nb4
55. Qb5 Nc6 56. Kf4 Qc7 57. Qc5 Qd7 58. Ke4 Qb7 59. Qb5 Qd7 60. Ke3 Qc7 61. Qc5
Qd7 62. Nd2 Qb7 63. Qb5 Qd7 64. Qc5 Qb7 65. Qb5 Qd7 66. Nf3 Qc7 67. Ke4 Qd7 68.
Qc5 Qc7 69. Nd2 Qd7 70. Nc4 Qc7 71. Nb6 Qb7 72. Ke3 Nb4 73. d5 Qxb6 74. Qxb6
Nxd5+ 75. Kd4 Nxb6 76. Kc5 Nd7+ 77. Kb5 Nxe5 78. Kxa5 Nd3 79. Kb6 Kf8 80. a5 Ke7
81. a6 Kd6 82. a7 Nc5 83. a8=Q Nd7+ 1-0

[Event "UNAM w Prelim A"]
[Site "Mexico City MEX"]
[Date "2012.11.19"]
[Round "4.4"]
[White "Rizzo, Marina"]
[Black "Alexandrova, Olga"]
[Result "1/2-1/2"]
[WhiteTitle "WFM"]
[BlackTitle "IM"]
[WhiteElo "2054"]
[BlackElo "2409"]
[WhiteFideId "102687"]
[BlackFideId "14102463"]
[EventDate "2012.11.16"]

1. e4 c5 2. Nf3 e6 3. d4 cxd4 4. Nxd4 a6 5. c4 Nf6 6. Nc3 Bb4 7. Qf3 Qc7 8. Bf4
Bd6 9. Bg3 Bxg3 10. hxg3 Nc6 11. Nxc6 dxc6 12. Be2 e5 13. O-O Bg4 14. Qe3 Bxe2
15. Nxe2 O-O 16. c5 Rad8 17. b4 Rd7 18. Nc3 Rfd8 19. Rad1 Rd4 20. a3 R8d7 21. f4
Ng4 22. Qe2 h5 23. Rf3 Rxd1+ 24. Nxd1 Qd8 25. Ne3 Rd2 26. Qc4 Rd4 27. Qc2 Nxe3
28. Rxe3 Rd1+ 29. Kh2 h4 30. fxe5 hxg3+ 31. Rxg3 Qh4+ 32. Rh3 Qe1 33. Rd3 Qh4+
34. Rh3 Qf4+ 35. Rg3 Rd4 36. Qc3 Qxe4 37. Re3 Qf4+ 38. Kg1 Rd1+ 39. Re1 Rd5 40.
e6 fxe6 41. Rxe6 Kf7 42. Qe1 Qd4+ 43. Re3 Qd1 44. Re7+ Kf8 45. Re8+ Kf7 46. Re7+
Kf6 47. Re6+ Kf7 48. Re7+ Kf8 49. Re8+ Kf7 50. Qxd1 1/2-1/2

[Event "UNAM w Prelim A"]
[Site "Mexico City MEX"]
[Date "2012.11.19"]
[Round "4.1"]
[White "Pina Vega, Sulennis"]
[Black "Nakhbayeva, Guliskhan"]
[Result "0-1"]
[WhiteTitle "WGM"]
[BlackTitle "WIM"]
[WhiteElo "2332"]
[BlackElo "2334"]
[WhiteFideId "3503151"]
[BlackFideId "13704788"]
[EventDate "2012.11.16"]

1. e4 e6 2. d3 d5 3. Nd2 c5 4. Ngf3 Nc6 5. g3 g6 6. Bg2 Bg7 7. O-O Nf6 8. c3 O-O
9. Re1 a5 10. a4 Rb8 11. e5 Ng4 12. d4 cxd4 13. cxd4 f6 14. h3 Nxf2 15. Kxf2
fxe5 16. Kg1 exd4 17. Nf1 e5 18. Qb3 Kh8 19. Bg5 Qd6 20. Rac1 Be6 21. Qa3 Nb4
22. Bd2 e4 23. Ng5 Bd7 24. Bxb4 axb4 25. Qb3 h6 26. Bxe4 hxg5 27. Bxd5 Bxa4 28.
Qc4 Bd7 29. Bg2 d3 30. Rcd1 Qb6+ 31. Kh1 Bb5 32. Qxb4 Rf2 33. Be4 Rxb2 34. Qe7
Bc6 35. Qxg5 Re8 36. Qxg6 Qd8 0-1

[Event "UNAM w Prelim A"]
[Site "Mexico City MEX"]
[Date "2012.11.19"]
[Round "4.2"]
[White "Nakhbayeva, Guliskhan"]
[Black "Pina Vega, Sulennis"]
[Result "1/2-1/2"]
[WhiteTitle "WIM"]
[BlackTitle "WGM"]
[WhiteElo "2334"]
[BlackElo "2332"]
[WhiteFideId "13704788"]
[BlackFideId "3503151"]
[EventDate "2012.11.16"]

1. d4 c5 2. d5 e5 3. e4 d6 4. Nc3 Be7 5. f4 Nd7 6. Nf3 a6 7. a4 Bf6 8. f5 h6 9.
Be3 Rb8 10. Be2 Nf8 11. O-O Bd7 12. a5 Nh7 13. Nd2 Bg5 14. Bf2 Bxd2 15. Qxd2
Ngf6 16. Kh1 Ng5 17. Qe3 b5 18. axb6 Rxb6 19. b3 Bb5 20. Bxb5+ axb5 21. b4 Nd7
22. Qe2 Qb8 23. Ra5 O-O 24. h4 Nh7 25. Nxb5 cxb4 26. Bxb6 Qxb6 27. Rfa1 Nc5 28.
Qe3 Rc8 29. Na7 Re8 30. Nc6 Nf6 31. Ra6 Qb5 32. Ra8 Rxa8 33. Rxa8+ Kh7 34. Ra1
Nfxe4 35. Ne7 Qd7 36. Nc6 Qxf5 37. Nxb4 Qg4 38. Nd3 Ng3+ 39. Kg1 Nce4 40. Nf2
Nxf2 41. Kxf2 Nf5 42. Qc3 Qxh4+ 43. Kg1 Ng3 44. Re1 f5 45. Qf3 e4 46. Qc3 f4 47.
Qc4 Qh1+ 48. Kf2 Qh4 49. Kg1 Qh1+ 50. Kf2 e3+ 51. Rxe3 fxe3+ 52. Kxg3 Qe1+ 53.
Kh2 Qf2 54. Qe4+ Kg8 55. Qe6+ Kf8 56. Qxd6+ Kg8 57. Qe6+ Kh7 58. Qe4+ Kh8 59.
Qe8+ Kh7 60. Qe4+ Kh8 61. Qe8+ 1/2-1/2

[Event "UNAM w Prelim A"]
[Site "Mexico City MEX"]
[Date "2012.11.19"]
[Round "4.4"]
[White "Nakhbayeva, Guliskhan"]
[Black "Pina Vega, Sulennis"]
[Result "0-1"]
[WhiteTitle "WIM"]
[BlackTitle "WGM"]
[WhiteElo "2334"]
[BlackElo "2332"]
[WhiteFideId "13704788"]
[BlackFideId "3503151"]
[EventDate "2012.11.16"]

1. d4 d5 2. c4 dxc4 3. Nf3 a6 4. e4 b5 5. Be2 Bb7 6. e5 e6 7. O-O Ne7 8. Bg5 c5
9. a4 h6 10. Bh4 g5 11. Bg3 Nbc6 12. axb5 axb5 13. Nc3 Rxa1 14. Qxa1 g4 15. Ne4
Nd5 16. Nfd2 h5 17. dxc5 h4 18. Bxg4 hxg3 19. fxg3 Nxe5 20. Qa7 Qa8 21. Qxa8+
Bxa8 22. Be2 f5 23. Nd6+ Bxd6 24. cxd6 Bc6 25. h3 Kd7 26. g4 fxg4 27. hxg4 Ne3
28. Rf4 Kxd6 29. g5 Rg8 30. Kf2 Nc2 31. g3 Rxg5 32. Nb1 Kc5 33. Nc3 b4 34. Ne4+
Bxe4 35. Rxe4 c3 36. bxc3 bxc3 37. Bd1 Nd4 38. Re3 Kc4 39. Ba4 Ng4+ 40. Ke1 0-1

[Event "UNAM w Prelim A"]
[Site "Mexico City MEX"]
[Date "2012.11.20"]
[Round "5.1"]
[White "Nakhbayeva, Guliskhan"]
[Black "Van Weersel, Arlette"]
[Result "1-0"]
[WhiteTitle "WIM"]
[BlackTitle "WIM"]
[WhiteElo "2334"]
[BlackElo "2168"]
[WhiteFideId "13704788"]
[BlackFideId "1009877"]
[EventDate "2012.11.16"]

1. d4 Nf6 2. c4 g6 3. Nc3 d5 4. cxd5 Nxd5 5. e4 Nxc3 6. bxc3 Bg7 7. Nf3 O-O 8.
Be2 c5 9. O-O Nc6 10. Be3 cxd4 11. cxd4 b6 12. Rc1 Na5 13. d5 e5 14. h3 f5 15.
exf5 gxf5 16. d6 Be6 17. Bg5 Bf6 18. Qd2 f4 19. Bxf6 Qxf6 20. Bd3 Rad8 21. Rfe1
Nb7 22. Rxe5 Nxd6 23. Bxh7+ Kg7 24. Bb1 Nc4 25. Qc2 Rh8 26. Rg5+ Kf8 27. Rg6 Qe7
28. Ng5 Bd5 29. Qf5+ Ke8 30. Ne6 Nd6 31. Qe5 Nf7 32. Nc7+ Kf8 33. Qxf4 Rh4 34.
Qg3 Nh6 35. Nxd5 Rxd5 36. Rc8+ Rd8 37. Rc7 Rd1+ 38. Kh2 Qd8 39. Bc2 Rdd4 40.
Rxh6 Qxc7 41. Qxc7 Rxh6 42. Qxa7 Rhd6 43. Bb3 Rd7 44. Qxb6 Rd2 45. Qf6+ Ke8 46.
Ba4 1-0

[Event "UNAM w Prelim A"]
[Site "Mexico City MEX"]
[Date "2012.11.20"]
[Round "5.2"]
[White "Van Weersel, Arlette"]
[Black "Nakhbayeva, Guliskhan"]
[Result "0-1"]
[WhiteTitle "WIM"]
[BlackTitle "WIM"]
[WhiteElo "2168"]
[BlackElo "2334"]
[WhiteFideId "1009877"]
[BlackFideId "13704788"]
[EventDate "2012.11.16"]

1. e4 e6 2. d4 d5 3. Nc3 Bb4 4. e5 c5 5. a3 Ba5 6. Bd2 Nc6 7. Nf3 cxd4 8. Nb5
Bc7 9. Nxc7+ Qxc7 10. Bf4 Qb6 11. Bd3 Nge7 12. O-O Ng6 13. Bg3 Qxb2 14. Qe2 Qb6
15. h4 O-O 16. Ng5 h6 17. Nxf7 Kxf7 18. Qh5 Ne7 19. f4 Bd7 20. Rab1 Qc6 21. Be1
Be8 22. Bb4 Kg8 23. Qg4 Qd7 24. Rf3 Nf5 25. Bxf8 Kxf8 26. Bb5 Qf7 27. Bd3 Ngxh4
28. Rh3 Ng6 29. Qe2 Nxf4 30. Qf3 Nxh3+ 31. Qxh3 b6 32. g4 Ne3 33. c3 Qf4 34. Rb2
Kg8 35. Re2 Nxg4 36. Bc2 Bb5 37. Rg2 Qf1# 0-1

[Event "UNAM w Prelim A"]
[Site "Mexico City MEX"]
[Date "2012.11.20"]
[Round "5.3"]
[White "Nakhbayeva, Guliskhan"]
[Black "Van Weersel, Arlette"]
[Result "0-1"]
[WhiteTitle "WIM"]
[BlackTitle "WIM"]
[WhiteElo "2334"]
[BlackElo "2168"]
[WhiteFideId "13704788"]
[BlackFideId "1009877"]
[EventDate "2012.11.16"]

1. d4 Nf6 2. c4 g6 3. Nc3 d5 4. cxd5 Nxd5 5. e4 Nxc3 6. bxc3 Bg7 7. Nf3 c5 8.
Rb1 O-O 9. Be2 Qa5 10. O-O Qxa2 11. Be3 cxd4 12. cxd4 Qe6 13. Qc2 Qc6 14. Bc4
Nd7 15. Qd3 Nf6 16. d5 Qc7 17. h3 b6 18. Rfc1 Qd8 19. e5 Bf5 20. Qd4 Bxb1 21.
Rxb1 Nd7 22. Rd1 Rc8 23. Qe4 Qc7 24. Ba6 Qc2 25. Rd3 Rc3 26. Bd4 Qb1+ 27. Kh2
Rc1 28. Ng5 Re1 29. Qh4 h6 30. Nxf7 Nxe5 31. Nxh6+ Bxh6 32. Bxe5 Qc1 33. Rd4
Rxe5 34. d6 exd6 35. Bc4+ Kg7 36. Rg4 Bf4+ 37. g3 Bg5 38. Rxg5 Qxg5 39. Qd4 Qf6
40. f4 Re2+ 0-1

[Event "UNAM w Prelim A"]
[Site "Mexico City MEX"]
[Date "2012.11.20"]
[Round "5.4"]
[White "Van Weersel, Arlette"]
[Black "Nakhbayeva, Guliskhan"]
[Result "0-1"]
[WhiteTitle "WIM"]
[BlackTitle "WIM"]
[WhiteElo "2168"]
[BlackElo "2334"]
[WhiteFideId "1009877"]
[BlackFideId "13704788"]
[EventDate "2012.11.16"]

1. e4 e6 2. d4 d5 3. Nc3 Bb4 4. e5 c5 5. a3 Ba5 6. Bd2 Nc6 7. Nf3 cxd4 8. Nb5
Bc7 9. Nxc7+ Qxc7 10. Bf4 Qb6 11. Rb1 Nge7 12. Bd3 Ng6 13. Bg3 Bd7 14. h4 Nge7
15. h5 h6 16. Nh4 Qa5+ 17. Kf1 Qc7 18. Qe2 Na5 19. Qg4 O-O 20. Qxd4 a6 21. Kg1
Bb5 22. Kh2 Bxd3 23. cxd3 Nac6 24. Qe3 d4 25. Qe4 Rad8 26. f4 Qd7 27. Nf3 Nf5
28. Bf2 f6 29. exf6 Rxf6 30. Rbe1 Qf7 31. Kg1 Qd7 32. Nh4 Nd6 33. Qe2 Rxf4 34.
Ng6 Rf5 35. Qxe6+ Qxe6 36. Rxe6 Rb5 37. b4 a5 38. bxa5 Rxa5 39. Rh4 Nf5 40. Rf4
Kh7 41. g4 Ne3 42. Bxe3 dxe3 43. Rxe3 Rxa3 44. Rf7 b5 45. Rc7 Rc3 46. Re6 Nd4
47. Rxc3 Nxe6 48. Rb3 Nd4 49. Rb4 Rd5 50. Kf2 Nc6 51. Rb3 b4 52. Nf4 Ra5 53. Ne2
Ra2 54. Rb1 Nd4 55. Re1 b3 56. Ke3 Rxe2+ 57. Rxe2 Nxe2 58. Kd2 Kg8 59. d4 Nxd4
60. Kc3 Kf7 61. Kxd4 0-1

[Event "UNAM w Prelim A"]
[Site "Mexico City MEX"]
[Date "2012.11.20"]
[Round "5.1"]
[White "Rizzo, Marina"]
[Black "Pina Vega, Sulennis"]
[Result "0-1"]
[WhiteTitle "WFM"]
[BlackTitle "WGM"]
[WhiteElo "2054"]
[BlackElo "2332"]
[WhiteFideId "102687"]
[BlackFideId "3503151"]
[EventDate "2012.11.16"]

1. e4 c5 2. Nf3 a6 3. d4 cxd4 4. Nxd4 Nf6 5. Nc3 e5 6. Nf3 d6 7. Bg5 Be7 8. Bc4
O-O 9. Bxf6 Bxf6 10. O-O Bg4 11. Qd3 Nc6 12. a3 Rc8 13. Ba2 Be7 14. Rfe1 Kh8 15.
Nd2 Nd4 16. Nf1 Bg5 17. Ne3 Be6 18. Ned5 f5 19. f4 Bh6 20. fxe5 dxe5 21. Rad1 f4
22. Rf1 Bg4 23. Rde1 Rc6 24. Rf2 Bg5 25. Ref1 Re8 26. Bb1 b5 27. h3 Bh5 28. g4
fxg3 29. Qxg3 Rg6 30. Kh1 Bf4 31. Qd3 Rg3 32. Nxf4 Rxd3 33. Nxd3 h6 34. Nxe5 Qh4
35. Rf8+ Rxf8 36. Rxf8+ Kh7 37. Ba2 Qxh3+ 38. Kg1 Qg3+ 39. Kh1 Bf3+ 40. Nxf3
Nxf3 41. Rxf3 Qxf3+ 42. Kg1 Qe3+ 43. Kh1 Qc1+ 44. Kg2 Qxb2 0-1

[Event "UNAM w Prelim A"]
[Site "Mexico City MEX"]
[Date "2012.11.20"]
[Round "5.2"]
[White "Pina Vega, Sulennis"]
[Black "Rizzo, Marina"]
[Result "1-0"]
[WhiteTitle "WGM"]
[BlackTitle "WFM"]
[WhiteElo "2332"]
[BlackElo "2054"]
[WhiteFideId "3503151"]
[BlackFideId "102687"]
[EventDate "2012.11.16"]

1. e4 e5 2. Nf3 Nc6 3. Bb5 a6 4. Ba4 Nf6 5. Qe2 b5 6. Bb3 Bc5 7. c3 Bb6 8. d3 h6
9. Nbd2 d6 10. Nf1 Bb7 11. Ng3 O-O 12. Be3 Bxe3 13. fxe3 Na5 14. Bc2 c5 15. O-O
Qc7 16. Nh4 Nc6 17. Rxf6 gxf6 18. Qh5 Ne7 19. Qxh6 1-0

[Event "UNAM w Prelim A"]
[Site "Mexico City MEX"]
[Date "2012.11.20"]
[Round "5.3"]
[White "Rizzo, Marina"]
[Black "Pina Vega, Sulennis"]
[Result "0-1"]
[WhiteTitle "WFM"]
[BlackTitle "WGM"]
[WhiteElo "2054"]
[BlackElo "2332"]
[WhiteFideId "102687"]
[BlackFideId "3503151"]
[EventDate "2012.11.16"]

1. e4 c5 2. Nf3 a6 3. d4 cxd4 4. Nxd4 Nf6 5. Nc3 e5 6. Nf3 d6 7. Bc4 Be7 8. O-O
O-O 9. a4 Bg4 10. h3 Bh5 11. Bb3 Nc6 12. Be3 Rc8 13. g4 Bg6 14. Nd2 Nb4 15. f4
exf4 16. Bxf4 h5 17. Nc4 hxg4 18. hxg4 Rc6 19. Rf2 Qc8 20. Rg2 Rxc4 21. Bxc4
Qxc4 22. Qe1 Nxe4 23. Nxe4 Bxe4 24. Rh2 d5 25. Be3 Nxc2 26. Qg3 Bc5 27. Bxc5
Qxc5+ 0-1

[Event "UNAM w Prelim A"]
[Site "Mexico City MEX"]
[Date "2012.11.20"]
[Round "5.4"]
[White "Pina Vega, Sulennis"]
[Black "Rizzo, Marina"]
[Result "1/2-1/2"]
[WhiteTitle "WGM"]
[BlackTitle "WFM"]
[WhiteElo "2332"]
[BlackElo "2054"]
[WhiteFideId "3503151"]
[BlackFideId "102687"]
[EventDate "2012.11.16"]

1. e4 e5 2. Nf3 Nc6 3. Bb5 a6 4. Ba4 Nf6 5. Qe2 d6 6. c3 Be7 7. d3 O-O 8. Nbd2
Ne8 9. Nf1 f5 10. exf5 Bxf5 11. Ne3 Bg6 12. Bb3+ Kh8 13. Bd2 Nf6 14. O-O-O d5
15. Ng5 Qd7 16. h4 Na5 17. Bc2 d4 18. cxd4 exd4 19. Bxa5 dxe3 20. fxe3 Bh5 21.
Nf3 Qd5 22. Bc3 Qxa2 23. e4 b5 24. Bb1 Qa4 25. Qc2 Qxc2+ 26. Bxc2 Nd7 27. Rdf1
b4 28. Bd4 Nc5 29. Bxc5 Bxc5 30. Bb3 Be3+ 31. Kc2 a5 32. Ba4 c5 33. Ne5 Rf2+ 34.
Rxf2 Bxf2 35. Bc6 Rc8 36. Bb5 h6 37. b3 Bg3 38. Nc4 Ra8 39. Rh3 Bf2 40. e5 Bg4
41. Rh1 Bg3 42. Ra1 Bxh4 43. Rxa5 Rf8 44. Bc6 Rf2+ 45. Kb1 Rf1+ 46. Kb2 Be1 47.
Ra8+ Kh7 48. Be4+ Bf5 49. Rf8 Bc3+ 50. Kc2 Rf2+ 51. Kd1 Rf1+ 52. Kc2 Rf2+ 1/2-1/2

[Event "UNAM w Prelim A"]
[Site "Mexico City MEX"]
[Date "2012.11.20"]
[Round "5.1"]
[White "Orlova, Yelizaveta"]
[Black "Alexandrova, Olga"]
[Result "0-1"]
[WhiteTitle "WCM"]
[BlackTitle "IM"]
[WhiteElo "1961"]
[BlackElo "2409"]
[WhiteFideId "2601826"]
[BlackFideId "14102463"]
[EventDate "2012.11.16"]

1. d4 d5 2. Nf3 Nf6 3. b3 g6 4. Bb2 Bg7 5. e3 O-O 6. c4 c5 7. Nbd2 cxd4 8. Bxd4
Nc6 9. Bb2 Qa5 10. a3 Rd8 11. b4 Qc7 12. c5 a6 13. Be2 e5 14. O-O h6 15. Rc1 Be6
16. Qc2 Rac8 17. Rfd1 Qb8 18. Qb1 Re8 19. Bf1 Rcd8 20. Ba1 Nd7 21. a4 e4 22. Nd4
Nxd4 23. Bxd4 Bxd4 24. exd4 f5 25. b5 axb5 26. axb5 Nf6 27. c6 bxc6 28. bxc6 Qf4
29. g3 Qg5 30. Qb3 f4 31. c7 Rc8 32. Ba6 e3 33. Bxc8 Bxc8 34. Nf3 exf2+ 35. Kh1
Qf5 36. Qd3 Re1+ 37. Nxe1 fxe1=Q+ 0-1

[Event "UNAM w Prelim A"]
[Site "Mexico City MEX"]
[Date "2012.11.20"]
[Round "5.2"]
[White "Alexandrova, Olga"]
[Black "Orlova, Yelizaveta"]
[Result "1-0"]
[WhiteTitle "IM"]
[BlackTitle "WCM"]
[WhiteElo "2409"]
[BlackElo "1961"]
[WhiteFideId "14102463"]
[BlackFideId "2601826"]
[EventDate "2012.11.16"]

1. d4 c5 2. dxc5 Qa5+ 3. Nc3 Qxc5 4. e4 d6 5. Be3 Qa5 6. Qd5 Qxd5 7. Nxd5 Kd8 8.
O-O-O Nf6 9. e5 Nxd5 10. Rxd5 Be6 11. Rd1 Nc6 12. exd6 exd6 13. Kb1 Kc7 14. Nf3
Rd8 15. Ng5 d5 16. Nxe6+ fxe6 17. c3 e5 18. f4 d4 19. cxd4 exd4 20. Bf2 Be7 21.
Bb5 Bf6 22. g4 g6 23. Rhe1 Rhe8 24. Rxe8 Rxe8 25. a3 a6 26. Bd3 b5 27. Re1 Rxe1+
28. Bxe1 Kd6 29. Be4 Bg7 30. Kc2 Nd8 31. Bb4+ Kd7 32. f5 gxf5 33. Bxf5+ Ne6 34.
Bxh7 Ng5 35. Bf5+ Kc6 36. h4 Nf3 37. Be4+ 1-0

[Event "UNAM w Prelim A"]
[Site "Mexico City MEX"]
[Date "2012.11.20"]
[Round "5.3"]
[White "Orlova, Yelizaveta"]
[Black "Alexandrova, Olga"]
[Result "0-1"]
[WhiteTitle "WCM"]
[BlackTitle "IM"]
[WhiteElo "1961"]
[BlackElo "2409"]
[WhiteFideId "2601826"]
[BlackFideId "14102463"]
[EventDate "2012.11.16"]

1. b3 d5 2. Bb2 Bg4 3. h3 Bh5 4. Nf3 Bxf3 5. exf3 Nf6 6. d4 g6 7. c4 Bg7 8. Be2
O-O 9. O-O e6 10. Qd2 Nc6 11. Rd1 Ne7 12. Nc3 Nf5 13. Na4 Bh6 14. Qc2 Nh5 15.
Bc1 Bxc1 16. Raxc1 Nf4 17. Bf1 Ne7 18. Nc5 Rb8 19. Nd3 Nxd3 20. Bxd3 c6 21. c5
Qc7 22. b4 a6 23. a4 e5 24. dxe5 Qxe5 25. Re1 Qf6 26. b5 axb5 27. axb5 Kg7 28.
Re2 cxb5 29. Bxb5 Nf5 30. Qd3 Nd4 31. Rd2 Nxb5 32. Qxb5 Rfd8 33. c6 bxc6 34.
Qxc6 Qxc6 35. Rxc6 Rb1+ 36. Kh2 Rb5 37. Kg3 h5 38. Kf4 Rd7 39. Ke5 0-1

[Event "UNAM w Prelim A"]
[Site "Mexico City MEX"]
[Date "2012.11.20"]
[Round "5.4"]
[White "Alexandrova, Olga"]
[Black "Orlova, Yelizaveta"]
[Result "1-0"]
[WhiteTitle "IM"]
[BlackTitle "WCM"]
[WhiteElo "2409"]
[BlackElo "1961"]
[WhiteFideId "14102463"]
[BlackFideId "2601826"]
[EventDate "2012.11.16"]

1. d4 g6 2. c4 Bg7 3. Nc3 d6 4. e4 Nf6 5. f4 O-O 6. Nf3 Nbd7 7. Bd3 c5 8. d5 Ne8
9. O-O a6 10. a4 b6 11. Be3 e6 12. Qd2 exd5 13. exd5 Nc7 14. Rae1 Rb8 15. Kh1 b5
16. axb5 axb5 17. Nxb5 Nxb5 18. cxb5 Nb6 19. f5 c4 20. Bxb6 Qxb6 21. Bxc4 Bxf5
22. Ra1 Bd7 23. Ra6 Qc5 24. Rc1 Bxb5 25. b4 Bxa6 26. bxc5 Rb2 27. Qd1 Bxc4 28.
Rxc4 Rfb8 29. c6 1-0

[Event "UNAM w Prelim B"]
[Site "Mexico City MEX"]
[Date "2012.11.16"]
[Round "1.1"]
[White "Partac, Elena"]
[Black "Muminova, Nafisa"]
[Result "0-1"]
[WhiteTitle "WGM"]
[BlackTitle "WIM"]
[WhiteElo "2086"]
[BlackElo "2349"]
[WhiteFideId "13901001"]
[BlackFideId "14201526"]
[EventDate "2012.11.16"]

1. e4 e6 2. d4 d5 3. exd5 exd5 4. Bd3 Bd6 5. Qf3 Ne7 6. Ne2 Nbc6 7. c3 Be6 8.
Nf4 Qd7 9. h3 O-O-O 10. Na3 Ng6 11. Nxe6 fxe6 12. Nb5 Be7 13. Be3 a6 14. Na3 Nh4
15. Qg4 g6 16. Bg5 Nf5 17. Bxe7 Qxe7 18. O-O-O Qf6 19. Kb1 Kb8 20. Rhe1 Rhe8 21.
Bxf5 exf5 22. Qf3 Re4 23. Nc2 Rde8 24. g4 f4 25. Ne3 Qe6 26. Ng2 g5 27. h4 h6
28. hxg5 hxg5 29. Rh1 Na5 30. Ne1 Nc4 31. Nd3 Qb6 32. Kc1 Qa5 33. Kb1 Re2 34.
Ka1 Nd2 35. Qh3 Ne4 36. Rhe1 Nxc3 37. Rxe2 Qxa2# 0-1

[Event "UNAM w Prelim B"]
[Site "Mexico City MEX"]
[Date "2012.11.16"]
[Round "1.2"]
[White "Muminova, Nafisa"]
[Black "Partac, Elena"]
[Result "1-0"]
[WhiteTitle "WIM"]
[BlackTitle "WGM"]
[WhiteElo "2349"]
[BlackElo "2086"]
[WhiteFideId "14201526"]
[BlackFideId "13901001"]
[EventDate "2012.11.16"]

1. e4 c5 2. Nf3 Nc6 3. d4 cxd4 4. Nxd4 g6 5. c4 Bg7 6. Be3 Nf6 7. Nc3 O-O 8. Be2
b6 9. O-O Bb7 10. f3 e6 11. Ndb5 d5 12. cxd5 exd5 13. exd5 Nb4 14. d6 Nfd5 15.
Bf2 Qg5 16. Ne4 Qf4 17. g3 Qf5 18. a3 Nc6 19. Nd4 Nxd4 20. Bxd4 Be5 21. Qd2 Rad8
22. Bxe5 Qxe5 23. Bc4 Nf6 24. Nxf6+ Qxf6 25. Rad1 Bc6 26. Qd4 Qxd4+ 27. Rxd4 Rd7
28. Kf2 Rfd8 29. Rfd1 Kf8 30. R1d2 b5 31. Bf1 f5 32. Bh3 Kf7 33. g4 Kf6 34. gxf5
gxf5 35. Rf4 Rxd6 36. Rxf5+ Kg6 37. Rxd6+ Rxd6 38. Rc5 Rf6 39. Rc3 Kg5 40. Bf1
Kf4 41. Rb3 a6 42. Rb4+ Ke5 43. Be2 Rh6 44. h4 Rf6 45. Rg4 h6 46. Ke3 Kf5 47.
Rf4+ Ke6 48. Rxf6+ Kxf6 49. Kf4 Bd5 50. Bd3 Bb3 51. Be4 Bc4 52. Bb7 a5 53. Ba6
a4 54. Bb7 Bd3 55. Bc6 Be2 56. Kg4 Bc4 57. Kh5 Kg7 58. Kg4 Kf6 59. Kf4 Be2 60.
Ke3 Bc4 61. Kd4 Kf5 62. Kc5 Be2 63. Bxb5 Bxf3 64. Bxa4 Kg4 65. b4 Kxh4 66. Bc6
Be2 67. a4 Kg3 68. b5 h5 69. a5 h4 70. a6 h3 71. a7 1-0

[Event "UNAM w Prelim B"]
[Site "Mexico City MEX"]
[Date "2012.11.16"]
[Round "1.3"]
[White "Partac, Elena"]
[Black "Muminova, Nafisa"]
[Result "1/2-1/2"]
[WhiteTitle "WGM"]
[BlackTitle "WIM"]
[WhiteElo "2086"]
[BlackElo "2349"]
[WhiteFideId "13901001"]
[BlackFideId "14201526"]
[EventDate "2012.11.16"]

1. e4 e6 2. d4 d5 3. exd5 exd5 4. Bd3 Bd6 5. Qf3 Ne7 6. Ne2 Nbc6 7. c3 Be6 8.
Bf4 Ng6 9. Bxd6 Qxd6 10. Qg3 Qd7 11. Nd2 O-O-O 12. O-O-O Rde8 13. Nb3 Qd6 14.
Nc5 Qxg3 15. hxg3 Kb8 16. Nxe6 Rxe6 17. Nf4 Nxf4 18. gxf4 h6 19. Rde1 Rhe8 20.
Rxe6 Rxe6 21. Kd2 Nd8 22. Rh5 c6 23. Re5 Kc7 24. Bf5 Rxe5 25. fxe5 b6 26. Ke3 c5
27. Bg4 Nc6 28. Bf3 Ne7 29. Kd3 g6 30. g3 Kd7 31. Bg4+ Kc6 32. Bf3 Kd7 33. Bg4+
Kc6 34. Bf3 Kd7 1/2-1/2

[Event "UNAM w Prelim B"]
[Site "Mexico City MEX"]
[Date "2012.11.16"]
[Round "1.4"]
[White "Muminova, Nafisa"]
[Black "Partac, Elena"]
[Result "1-0"]
[WhiteTitle "WIM"]
[BlackTitle "WGM"]
[WhiteElo "2349"]
[BlackElo "2086"]
[WhiteFideId "14201526"]
[BlackFideId "13901001"]
[EventDate "2012.11.16"]

1. e4 c5 2. Nf3 Nc6 3. Bb5 g6 4. O-O Bg7 5. Re1 Nf6 6. e5 Nd5 7. Nc3 Nc7 8. Bxc6
dxc6 9. Ne4 Ne6 10. d3 O-O 11. Be3 b6 12. a3 Nd4 13. Bf4 Bg4 14. Ned2 Qd5 15. c3
Ne6 16. Bg3 Qxd3 17. Qa4 Bxf3 18. Nxf3 Qb5 19. Qc2 Rad8 20. c4 Qa6 21. Nd2 Rd4
22. b3 Rfd8 23. Nf3 Rd3 24. Bh4 Qb7 25. Rab1 Qd7 26. Qe2 Nf4 27. Qe4 Qg4 28. Bg3
Nh3+ 29. Kf1 h5 30. Qxc6 Ng5 31. Nxg5 Qxg5 32. e6 f5 33. Bc7 Rf8 34. Red1 Rxd1+
35. Rxd1 Bd4 36. Qd5 Qg4 37. f3 Qh4 38. Bg3 Qg5 39. Bf2 Bxf2 40. Kxf2 h4 41. Qe5
h3 42. g3 Qh6 43. f4 Qh5 1-0

[Event "UNAM w Prelim B"]
[Site "Mexico City MEX"]
[Date "2012.11.16"]
[Round "1.1"]
[White "Guramishvili, Sopiko"]
[Black "Esquivel De Leon, Aurora"]
[Result "1-0"]
[WhiteTitle "IM"]
[BlackTitle "WIM"]
[WhiteElo "2403"]
[BlackElo "1965"]
[WhiteFideId "13602888"]
[BlackFideId "5110432"]
[EventDate "2012.11.16"]

1. d4 Nf6 2. c4 c5 3. d5 b5 4. Nf3 g6 5. Qc2 bxc4 6. e4 d6 7. Bxc4 Nbd7 8. O-O
Bg7 9. Bd2 O-O 10. Bc3 Qc7 11. h3 Bb7 12. Re1 Rac8 13. Nbd2 Rfe8 14. Nb3 Nb6 15.
Bb5 Red8 16. Na5 c4 17. Nd4 Nfd7 18. Ndc6 Bxc6 19. Nxc6 Ne5 20. Nxd8 Rxd8 21.
Red1 Qc5 22. a4 Rb8 23. Bd4 Qc7 24. f4 Ned7 25. Bxg7 Kxg7 26. Kh2 Nc5 27. Ra3 a6
28. Bc6 Nb3 29. a5 Nc8 30. Qxc4 Nc5 31. b4 Nd7 32. Rb3 Na7 33. Qxa6 Nc5 34. bxc5
Rxb3 35. cxd6 exd6 36. Qc4 Rb8 37. a6 Rc8 38. Rc1 Qa5 39. Qd4+ Kg8 40. Qxa7 Qd2
41. Rf1 Qe2 42. Qf2 Qxe4 43. a7 Qd4 44. Qxd4 1-0